| 000 | 00584nam a2200193Ia 4500 | ||
|---|---|---|---|
| 003 | IN-BaIIA | ||
| 008 | 211028s9999 xx 000 0 eng d | ||
| 040 | _cIIA Library | ||
| 080 |
_a511 _bBOR |
||
| 100 |
_aBorevich, Z. I. _95100 |
||
| 245 | 0 |
_aNumber theory _cZ. I. Borevich and Shafarevich, I. R. |
|
| 260 |
_aNew York _bAcademic Press _c1966 |
||
| 300 | _ax, 435p. | ||
| 490 | _aPure and applied mathematics; v. 20 | ||
| 650 | _aNASA Thesaurus | ||
| 650 |
_aNumber Theor _95101 |
||
| 700 |
_aShafarevich, I. R. _95102 |
||
| 942 | _cBK | ||
| 999 |
_c2860 _d2860 |
||